000 00307nam a22001337a 4500
008 190129b xxu||||| |||| 00| 0 eng d
020 _a9780321408747
041 _aeng
080 _25th
_a371
100 _a46
101 _aEDU
245 _aBreaking Through College Reading
_cSmith,B.D
942 _2udc
_cBK
999 _c53831
_d53831